Výběry z norem pro konstrukční cvičení /

Hlavní autor: Svoboda, Pavel, 1939-
Další autoři: Brandejs, Jan, 1949-
Jazyk: Čeština
Vydáno: Brno : CERM, akademické nakladatelství, 2019
Vydání: Vydání šesté, přepracované a doplněné
Témata:
Externí odkaz: Digitalizovaný dokument
Fyzický popis: 236 stran : ilustrace ; 25 cm
Knihy
Uloženo v:
LEADER 02196nam a2200565 i 4500
001 nkc20193156225
003 CZ PrNK
005 20210614094055.0
007 ta
008 191030s2019 xr a f f 000 0 cze
015 |a cnb003156225 
020 |a 978-80-7623-010-1  |q (brožováno) 
035 |a (OCoLC)1140083612 
040 |a OLA001  |b cze  |e rda 
043 |a e-xr--- 
072 7 |a 621  |x Strojírenství  |2 Konspekt  |9 19 
080 |a 005.933.1  |2 MRF 
080 |a 621.8  |2 MRF 
080 |a 006.7/.8  |2 MRF 
080 |a 621.71  |2 MRF 
080 |a (437.3)  |2 MRF 
080 |a (035)  |2 MRF 
100 1 |a Svoboda, Pavel,  |d 1939-  |7 mzk2004148400  |4 aut 
245 1 0 |a Výběry z norem pro konstrukční cvičení /  |c Pavel Svoboda, Jan Brandejs 
250 |a Vydání šesté, přepracované a doplněné 
264 1 |a Brno :  |b CERM, akademické nakladatelství,  |c 2019 
300 |a 236 stran :  |b ilustrace ;  |c 25 cm 
336 |a text  |b txt  |2 rdacontent 
337 |a bez média  |b n  |2 rdamedia 
338 |a svazek  |b nc  |2 rdacarrier 
650 0 7 |a konstruování  |7 ph121814  |2 czenas 
650 0 7 |a strojní části  |7 ph126142  |2 czenas 
650 0 7 |a technické normy a standardy  |7 ph260676  |z Česko  |2 czenas 
650 0 7 |a tolerance rozměrů  |7 ph126677  |2 czenas 
650 0 9 |a engineering design  |2 eczenas 
650 0 9 |a machine parts  |2 eczenas 
650 0 9 |a technical standards  |z Czechia  |2 eczenas 
650 0 9 |a dimensional tolerance  |2 eczenas 
655 7 |a příručky  |7 fd133209  |2 czenas 
655 9 |a handbooks and manuals  |2 eczenas 
700 1 |a Brandejs, Jan,  |d 1949-  |7 mzk2004148397  |4 aut 
856 4 1 |u http://www.digitalniknihovna.cz/mzk/uuid/uuid:d58f20e0-2a41-11eb-979b-005056827e52  |y Digitalizovaný dokument  |x NDK 
910 2 |a BOA001  |b 2-1440.902 
928 9 |a Akademické nakladatelství CERM 
990 |a BK 
995 |a 01 
991 |b 202001  |c NOV 
996 6 |b 2610809261  |c 2-1440.902  |l MZK  |r Sklad / do 1 hodiny  |n 3  |p p.v.  |w 001771846  |u 000010  |a 1  |e BOA001  |j MZK50  |s P 
996 6 |b 2610809262  |c 2-1440.902  |l MZK  |r STM 6p  |n 0  |p p.v.  |h 621.7/.9 SVO  |w 001771846  |u 000020  |a 0  |e BOA001  |j MZK50  |s P 
996 7 |b 2610868802  |c 2-1440.902  |l Vol.výběr  |r VV 1p  |n 10  |p kup  |h 621.7/.9 SVO  |w 001771846  |u 000030  |a 0  |e BOA001  |j MZK50  |s A